000 00409nam a2200145Ia 4500
008 230917s9999||||xx |||||||||||||| ||und||
040 _e30419
_aMAIN
041 _aEnglish
082 _a301.04 D935R
100 _aDurkheim, Emile
245 4 _athe rules of sociological method and selected texts on sociology and its method
260 _aHoundmills
_bMacmillan
_c1982
300 _avi, 264 p.
942 _cBK
999 _c101919
_d101919